000 00457nam a2200157Ia 4500
008 210716s2018 xx 000 0 und d
020 _a9789332581180
041 _aeng
082 _a519.5 LEVR
100 _aLevin, Richard I; Rubin, David S; Siddiqui, Masood H; Rastogi, Sanjay.
245 _aStatistics for management.
250 _a8
260 _aNew Delhi
_bPearson Education
_c2018
300 _axiv,985
650 _aStatistical Mathematics(519.5)
999 _c196477
_d196477